Constitution made simple / (Record no. 4240)

MARC details
000 -LEADER
fixed length control field 00702nam a22002417a 4500
003 - CONTROL NUMBER IDENTIFIER
control field URS
005 - DATE AND TIME OF LATEST TRANSACTION
control field 20220117120229.0
008 - FIXED-LENGTH DATA ELEMENTS--GENERAL INFORMATION
fixed length control field 190620b ||||| |||| 00| 0 eng d
020 ## - INTERNATIONAL STANDARD BOOK NUMBER
International Standard Book Number 9789712355905
040 ## - CATALOGING SOURCE
Description conventions rda
Transcribing agency URS
Language of cataloging eng
050 ## - LIBRARY OF CONGRESS CALL NUMBER
Classification number KPM 1744
Item number .D3777 2010
100 ## - MAIN ENTRY--PERSONAL NAME
Personal name De Leon, Hector S.
245 ## - TITLE STATEMENT
Title Constitution made simple /
Statement of responsibility, etc. Hector S. De Leon, Hector M. De Leon Jr.
250 ## - EDITION STATEMENT
Edition statement Third edition.
264 #1 - PRODUCTION, PUBLICATION, DISTRIBUTION, MANUFACTURE, AND COPYRIGHT NOTICE
Place of production, publication, distribution, manufacture Manila :
Name of producer, publisher, distributor, manufacturer Rex Book Store ,
Date of production, publication, distribution, manufacture, or copyright notice 2010
300 ## - PHYSICAL DESCRIPTION
Extent xxxvii, 321 pages ;
Dimensions 22 cm
336 ## - CONTENT TYPE
Content type term text
Content type code txt
Source rdacontent
337 ## - MEDIA TYPE
Media type term unmediated
Media type code n
Source rdamedia
338 ## - CARRIER TYPE
Carrier type term volume
Carrier type code nc
Source rdacarrier
650 ## - SUBJECT ADDED ENTRY--TOPICAL TERM
Topical term or geographic name entry element Constitution.
700 ## - ADDED ENTRY--PERSONAL NAME
Personal name De Leon, Hector M. Jr.
942 ## - ADDED ENTRY ELEMENTS (KOHA)
Source of classification or shelving scheme Library of Congress Classification
Koha item type Filipiniana
Holdings
Withdrawn status Source of classification or shelving scheme Damaged status Not for loan Collection code Home library Current library Shelving location Date acquired Source of acquisition Total Checkouts Full call number Barcode Date last seen Price effective from Koha item type Coded location qualifier
  Library of Congress Classification     Non-fiction Antipolo College Library Antipolo College Library On Display 05/09/2018 Donation   KPM 1744 .D3777 2010 URSANT-03370 05/09/2018 05/09/2018 Filipiniana  
  Library of Congress Classification     Non-fiction Antipolo College Library Antipolo College Library On Display 05/09/2018 Donation   KPM 1744 .D3777 2010 URSANT-03371 05/09/2018 05/09/2018 Filipiniana  
  Library of Congress Classification     Non-fiction Pililla College Library Pililla College Library General Stacks 05/10/2016     342.599 D37c 2010 URSPIL-3400 05/31/2019 05/10/2016 Filipiniana purchased
  Library of Congress Classification       Pililla College Library Pililla College Library   01/25/2017     342.599 D37c 2010 URSPIL-3755 05/31/2019 01/25/2017 Filipiniana  

University of Rizal System
Email us at univlibservices@urs.edu.ph

Visit our Website www.urs.edu.ph/library